000 00572nam a2200193Ia 4500
005 20250326144915.0
008 250326s9999 xx 000 0 und d
020 _a0-13-396946-0
037 _aTextbook
040 _aFMSL
_beng
_cFMSL
041 _aeng
_2eng
084 _aX:89A N7.2
_qFMSL
100 _aPrasad B
_9204803
245 0 _aConcurrent engineering fundamentals : integrated product development
_cPrasad B
260 _aNew Jersey
_bNew Jersey, Prentice-Hall
_c1997
300 _a490p
942 _cTB
_hX:89A N7.2
999 _c1305563
_d1305563